000
00290nam a22001337a 4500
008
180907b xxu||||| |||| 00| 0 eng d
020
_a
9780763753689
041
_a
eng
080
_2
6 ED
_a
573
100
_a
11
101
_a
BIO
245
_a
Human Biology
_c
Chiras D.D
942
_2
udc
_c
BK
999
_c
47602
_d
47602